000 00645nam a22001817a 4500
003 UA-OsUOA
001 15238
007 ta
008 20031103b un ||||| |||| 00| 0 ukr d
100 _aЯрощук М.
942 _cSA
040 _aUA-OsUOA
_cUA-OsUOA
_dUA-OsUOA
245 _aНові шати місту личать: [Сучасних дизайнер. форм набудуть малі архітектур. споруди в центрі Радивилова]
300 _aС.3
955 _a0
773 0 _w0
_tПрапор перемоги
_dРадивилів
_d2003
_g№75/ 23 верес./
650 7 _aАрхітектура
_2UDC
999 _c301403
_d301403